Souvenir of the Sashtiabdapurthi of Sachiivothama Sir C.P. Ramaswami Aiyar, Dewan of Travancore (Record no. 371209)

000 -LEADER
fixed length control field 00415cam a22001217a 4500
008 - FIXED-LENGTH DATA ELEMENTS--GENERAL INFORMATION
fixed length control field 180718b1940 xxu||||| |||| 00| 0 eng d
082 ## - DEWEY DECIMAL CLASSIFICATION NUMBER
Classification number A99 Iy9/49
100 ## - MAIN ENTRY--PERSONAL NAME
Personal name Iyar, A. Padmanabha
245 ## - TITLE STATEMENT
Title Souvenir of the Sashtiabdapurthi of Sachiivothama Sir C.P. Ramaswami Aiyar, Dewan of Travancore
Statement of responsibility, etc. by A. Padmanabha Iyar
260 ## - PUBLICATION, DISTRIBUTION, ETC.
Place of publication, distribution, etc. Trivandrum
Name of publisher, distributor, etc. ARV Press
Date of publication, distribution, etc. 1940
300 ## - PHYSICAL DESCRIPTION
Extent v.p.
650 ## - SUBJECT ADDED ENTRY--TOPICAL TERM
Topical term or geographic name entry element Iyar, C.P. Ramaswami, 1879
Holdings
Withdrawn status Lost status Damaged status Not for loan Permanent Location Current Location Date acquired Full call number Barcode Date last seen Price effective from Koha item type
        Indian Institute of Public Administration Indian Institute of Public Administration 1994-06-09 A99 Iy9/49 32135 2018-07-21 2018-07-21 Book

Powered by Koha